Formació continuada en infermeria : informe d'un comité d'experts / Generalitat de Catalunya. Direcció General d' Ordenació i Planificació Sanitària informe d'un comité d'experts / Generalitat de Catalunya. Direcció General d' Ordenació i Planificació Sanitària
Descripción Física:
54 p. ; 21 cm
MARC
| LEADER | 00000nam a2200000Ia 4500 | ||
|---|---|---|---|
| 001 | 1477 | ||
| 008 | 160829s1985 xx 000 0 cat d | ||
| 080 | |a C-2-173 | ||
| 110 | 1 | |a Catalunya. |b Direcció General d'Ordenació i Planificació Sanitària |9 56422 | |
| 245 | |a Formació continuada en infermeria : |b informe d'un comité d'experts / Generalitat de Catalunya. Direcció General d' Ordenació i Planificació Sanitària | ||
| 260 | |a Barcelona : |b Secretaria General del Departament de Sanitat i Seguretat Social, |c 1985 | ||
| 300 | |a 54 p. ; |c 21 cm | ||
| 490 | |a Informes i dictàmens d'Assistència Sanitària ; 7 | ||
| 650 | 0 | |a Infermeria |x Ensenyament (Educació permanent) |z Catalunya |9 20120 | |
| 901 | |a Arxiu | ||
| 942 | |n 1 | ||
| 952 | |0 0 |1 0 |4 0 |6 C2173 |7 1 |9 41451 |a Arxiu |b Arxiu |d 2016-12-01 |l 0 |o C-2-173 |p 1477 |r 2016-12-01 00:00:00 |w 2016-12-01 |y ARXIU | ||
| 999 | |c 43258 |d 43258 | ||